000 00938nam a22002777a 4500
003 OSt
005 20260203071905.0
008 260203b |||||||| |||| 00| 0 eng d
020 _a974-8279-63-4.
040 _aDWC-Main lib
_cOC
082 _22nd edition.
_aRes. 020.76 G677l 1999
100 _aGosling, Mary
245 _aLearn about information
_cMary Gosling
260 _aThailand :
_bBook Promotion & Service Co., Ltd.,
_cc1999.
300 _a155 pages ;
_c29 cm.
650 _a1. Information science-Problems, exercises, etc.
650 _a2. Information science.
650 _a3. Information services-Problems, exercises, etc.
650 _a4. Information services.
650 _a5. Libraries-Problems, exercises, etc.
650 _a6. Libraries.
650 _a7. Library science-Problems, exercises, etc.
650 _a2. Library science.
700 _aHopgood, Elizabeth
942 _2ddc
_cBK-0 CIRC
_e2nd ed.
_kRes.
_n0
999 _c8211
_d8211